000 00695cam a22002171 4500
001 af 48003784
003 DLC
005 20260227110904.0
008 920923s1944 it 000 0 ita c
010 _aaf 48003784
035 _a(OCoLC)26658056
040 _aCalifornia. Univ. Library
_cCU
_dCU
_dDLC
042 _apremarc
050 0 0 _aPQ4683.A9
_bS6
100 1 _aAzeglio, Massimo d',
_d1798-1866.
245 1 3 _aIl sor Checco Tozzi.
260 _aMilano,
_bJandi
_c[1944]
300 _a117 p.
_c19 cm.
440 0 _aItaliani e stranieri
500 _aFirst published in Cronista (Turin, 1856-1857) as a series of articles with general title: Racconti, leggende, ricordi della vita italiana.
999 _c5775
_d5775